Flash Gordon (Registo nº 3818)

Detalhes MARC
000 -Etiqueta do registo
Cabeçalho 00731nam0a2200241 4500
005 - Identificador da versão
Campo de controlo 20240813122045.0
021 ## - Número do Depósito Legal
Código do país PT
Número 15838/87
100 ## - Dados gerais de processamento
Dados gerais de processamento 20170504d1987 a y0pory5003 ba
102 ## - Pais de publicação ou produção
País de publicação Portugal
101 1# - Língua de publicação
Língua do texto, banda sonora, etc. Português
Língua do documento no original Inglês
215 ## - Descrição física 
Indicação específica da natureza do documento e extensão da espécie 43, [1] p.
Outras indicações físicas todo il
200 1# - Titulo e menção de responsabilidade
Título próprio Flash Gordon
Primeira menção de responsabilidade Al Williamson
Outras menções de responsabilidade trad. Jorge Magalhães
225 1# - Colecção 
Título próprio da colecção Antologia da banda desenhada clássica
Indicação de volume 17
210 ## - Publicação, Distribuição, etc. 
Lugar da edição, distribuição, etc. Lisboa
Nome do editor, distribuidor, etc. Futura
Data da publicação, distribuição, etc. cop. l987
606 ## - Nome comum usado como assunto
Número de registo de entrada de autoridade 0001799
Palavra de ordem Literatura americana
Subdivisão de assunto Banda desenhada
Código do sistema CA
675 ## - Classificação Decimal Universal (CDU)
Notação 821.111(73)(084.11)
Edição 3ª ed.
Língua da edição por
702 #1 - Nome de autor-pessoa física (responsabilidade secundária)
Número de registo de entrada de autoridade 0000062
Palavra de ordem Magalhães
Outra parte do nome não tomada para palavra de ordem Jorge
Código de função Tradutor
700 #1 - Nome de autor-pessoa física (responsabilidade principal)
Número de registo de entrada de autoridade 0001820
Palavra de ordem Williamson
Outra parte do nome não tomada para palavra de ordem Al
Datas 1931-2010
966 ## - Identificação da Biblioteca
Sigla EBVEN
942 ## - Elementos de entrada adicionados (Koha)
Tipo de item no Koha Livro
Exemplares
Situação do levantamento Origin of item (home branch) (coded) Biblioteca de empréstimo Código de barras Cota Circulation type (not for loan) Tipo de documento Nota do exemplar Damaged status
  Biblioteca Escolar das Vendas Biblioteca Escolar das Vendas BEV573 8BD WIL   Livro Sem mensagem